000 00467nam a22001697a 4500
003 OSt
005 20250630224157.0
008 250630b |||||||| |||| 00| 0 eng d
040 _cDLC
050 _aGLR61 PART II
_bK528.G4 1961
100 _aEdited: N. Y. B. Adade
245 _aThe Ghana Law Reports 1961 Part II
260 _aAccra, Ghana :
_bPresbytarian Press Ltd.;
_c1961
300 _axxix, 839 pages
700 _aEdited: Janet Daniels
942 _2lcc
_cBK
_n0
999 _c6802
_d6802